Guess the singer - M - Statistics

General Stats
  • This quiz has been taken 129 times
  • The average score is 13 of 30
Answer Stats
Hint Answer % Correct
Thriller Michael Jackson
95%
Like a Virgin Madonna
92%
All I Want For Christmas Is You Mariah Carey
88%
Party in the U.S.A. Miley Cyrus
80%
All About That Bass Meghan Trainor
73%
Enter Sandman Metallica
73%
U Can't Touch This MC Hammer
69%
Payphone Maroon 5
67%
I'd Do Anything For Love Meat Loaf
50%
I'm a Believer The Monkees
48%
Beggin' Måneskin
47%
What's Going On Marvin Gaye
39%
Family Affair Mary J. Blige
39%
Kickstart My Heart Mötley Crüe
36%
Ace of Spades Motörhead
36%
Savage Megan Thee Stallion
35%
Haven't Met You Yet Michael Bublé
34%
My Love Mine All Mine Mitski
30%
Kids MGMT
29%
Work It Missy Elliot
27%
The Spins Mac Miller
26%
The Beautiful People Marilyn Manson
25%
I Will Wait Mumford & Sons
25%
Downtown Macklemore
22%
Stir Fry Migos
18%
Sure Thing Miguel
17%
I'm Not Okay My Chemical Romance
17%
Last Night Morgan Wallen
14%
Bad Things Machine Gun Kelly
12%
God Gave Me Everything Mick Jagger
6%
No matching quizzes found
Score Distribution
Percent of People with Each Score
Percentile by Number Answered
Your Score History
You have not taken this quiz